Early childhood education/preschool teacher career starter / (Record no. 11690)

000 -LEADER
fixed length control field 01223cam a22003254a 4500
001 - CONTROL NUMBER
control field 12658757
005 - DATE AND TIME OF LATEST TRANSACTION
control field 20160711160622.0
008 - FIXED-LENGTH DATA ELEMENTS--GENERAL INFORMATION
fixed length control field 020128s2002 nyua b 000 0 eng
010 ## - LIBRARY OF CONGRESS CONTROL NUMBER
LC control number 2002001272
020 ## - INTERNATIONAL STANDARD BOOK NUMBER
International Standard Book Number 1576854094
040 ## - CATALOGING SOURCE
Original cataloging agency DLC
Transcribing agency DLC
Modifying agency DLC
042 ## - AUTHENTICATION CODE
Authentication code pcc
043 ## - GEOGRAPHIC AREA CODE
Geographic area code n-us---
050 00 - LIBRARY OF CONGRESS CALL NUMBER
Classification number LB1775.6
Item number .C54 2002
082 00 - DEWEY DECIMAL CLASSIFICATION NUMBER
Classification number 372.21/023
Edition number 21
100 1# - MAIN ENTRY--PERSONAL NAME
Personal name Chesla, Elizabeth L.
245 10 - TITLE STATEMENT
Title Early childhood education/preschool teacher career starter /
Statement of responsibility, etc. Elizabeth Chesla and Jelena Matic.
246 0# - VARYING FORM OF TITLE
Display text At head of title on cover:
Title proper/short title LearningExpress
250 ## - EDITION STATEMENT
Edition statement 1st ed.
260 ## - PUBLICATION, DISTRIBUTION, ETC. (IMPRINT)
Place of publication, distribution, etc. New York :
Name of publisher, distributor, etc. LearningExpress,
Date of publication, distribution, etc. c2002.
300 ## - PHYSICAL DESCRIPTION
Extent 1 v. (various pagings) :
Other physical details ill. ;
Dimensions 26 cm.
504 ## - BIBLIOGRAPHY, ETC. NOTE
Bibliography, etc Includes bibliographical references.
650 #0 - SUBJECT ADDED ENTRY--TOPICAL TERM
Topical term or geographic name as entry element Early childhood education
General subdivision Vocational guidance
Geographic subdivision United States.
650 #0 - SUBJECT ADDED ENTRY--TOPICAL TERM
Topical term or geographic name as entry element Preschool teaching
General subdivision Vocational guidance
Geographic subdivision United States.
650 #0 - SUBJECT ADDED ENTRY--TOPICAL TERM
Topical term or geographic name as entry element Early childhood teachers
Geographic subdivision United States.
700 1# - ADDED ENTRY--PERSONAL NAME
Personal name Matic, Jelena.
906 ## - LOCAL DATA ELEMENT F, LDF (RLIN)
a 7
b cbc
c orignew
d 1
e ecip
f 20
g y-gencatlg
942 ## - ADDED ENTRY ELEMENTS (KOHA)
Source of classification or shelving scheme
Koha item type Hard Covered Materials
Classification part LB 1775.6 .C54 2002
Holdings
Withdrawn status Lost status Source of classification or shelving scheme Damaged status Not for loan Home library Current library Shelving location Date acquired Source of acquisition Total Checkouts Full call number Barcode Date last seen Price effective from Koha item type
          MACHAKOS UNIVERSITY LIBRARY MACHAKOS UNIVERSITY LIBRARY Open shelf 11/07/2016 Donation (BFA)   LB 1775.6 .C54 2002 23020 11/07/2016 11/07/2016 Hard Covered Materials
© Machakos University Library, Along The Highway, Machakos Wote Rd, Machakos, Kenya P.O. Box 136 - 90100 Machakos - Kenya

Tel: ( +254 ) 723 805829 OR Fax : 044-20353 OR Email: library@mksu.ac.ke